| 000 | 00687nam a2200205 i 4500 | ||
|---|---|---|---|
| 001 | 116094 | ||
| 003 | ES-MaACL | ||
| 005 | 20251116063100.0 | ||
| 007 | t| | ||
| 008 | 061121s1977 sp r ||||1| spa d | ||
| 100 | 1 |
_aOrtuño Medina, Francisco, _d1919-1991 _987687 |
|
| 245 | 1 | 0 |
_aReservas y cotos nacionales de caza _b: región cantábrica / _cFrancisco Ortuño, Jorge de la Peña. |
| 260 |
_aMadrid : _bIncafo, _c1977. |
||
| 300 |
_a253 p., 23 lám. ; _c29 cm. |
||
| 650 | 4 |
_aCotos de caza- _zEspaña. _9167292 |
|
| 650 | 4 |
_aReservas de caza- _zEspaña. _9167293 |
|
| 700 | 1 |
_aPeña, Jorge de la. _990226 |
|
| 852 |
_aES-MaACL _jA-7991 _bR.97138 |
||
| 999 |
_c116094 _d116094 |
||